Effective communications skills

Bibliographic Details
Main Author: Sinha, Mosam
Format: Book
Published: India : Aavishkar Publishers, Dist , 2011
Subjects:

MARC

LEADER 00000cam a2200000 7i4500
001 0000036684
005 20130627.0
008 130627
020 |a 8179103500 
090 0 0 |a 651.7   |b SIN 
100 1 |a Sinha, Mosam 
245 1 0 |a Effective communications skills   |c Dr. Mosam Sinha 
260 |a India :   |b Aavishkar Publishers, Dist ,   |c 2011 
650 0 |a Business communication 
650 0 |a Listening 
650 0 |a Oral communication 
999 |a 0001227124   |b Book   |c Adult Collection   |e Perbadanan Perpustakaan Awam Johor